000 00569nam a2200121Ia 4500
008 220216s9999 xx 000 0 und d
100 _aShammi Raj
245 0 _aSome basic concepts of meteorological processes and future analytical procedures in agrometeorology
260 _bIn:Causes and Influences of Climate Change and Management of Weather for Sustainable Agiculture, 15 November-5 December 2006, College of Agriculture, G.B Pant University of Agriculture & Technology, Pantnagar, India. pp. 377-341.
650 _aAgrometeorology
856 _uCopy
942 _cJS
999 _c68942
_d68942